00732nam a2200193Ia 4500100003000000650000900030250000600039942000700045366000900052654000900061245002000070260002900090082002100119300000800140546001200148999001700160952018100177952018000358 aSierra/kathy/ Bates/Bert  aJava a2 cBK f17.5 ajava aHead first java bOreillyaNew Delhic2003 a005.133/SIEbSIE a688 aENGLISH c29812d29812 001040708CRCaCRCEbCRCEd2023-03-17eEducational books and periodicalsg371.25i189 dt 09/02/2009l1o005.133/SIE SIEp19328r2025-01-15s2025-01-04v450.00w0000-00-00yBK 001040708CRCaCRCEb428d2023-03-17eEducational books and periodicalsg371.25i189 dt 09/02/2009l2o005.133/SIE SIEp19329r2025-11-21s2025-08-06v450.00w0000-00-00yBK